Las reformas a la Ley de Comercio Exterior en materia de prácticas desleales de comercio antidumping: un primer acercamiento / (Record no. 60323)
[ view plain ]
| 000 -LEADER | |
|---|---|
| fixed length control field | 00740nam a22002057a 4500 |
| 008 - FIXED-LENGTH DATA ELEMENTS--GENERAL INFORMATION | |
| fixed length control field | 140620t mx||||| |||| 00| 0 spa d |
| 020 ## - INTERNATIONAL STANDARD BOOK NUMBER | |
| International Standard Book Number | 9703208908 |
| 050 04 - LIBRARY OF CONGRESS CALL NUMBER | |
| Classification number | KGF4827.A9 |
| Item number | C78 2003 |
| 100 1# - MAIN ENTRY--PERSONAL NAME | |
| Personal name | Cruz Barney, Oscar |
| 245 14 - TITLE STATEMENT | |
| Title | Las reformas a la Ley de Comercio Exterior en materia de prácticas desleales de comercio antidumping: un primer acercamiento / |
| Statement of responsibility, etc | Óscar Cruz Barney. |
| 250 ## - EDITION STATEMENT | |
| Edition statement | 1a ed. |
| 260 ## - PUBLICATION, DISTRIBUTION, ETC. (IMPRINT) | |
| Place of publication, distribution, etc | México : |
| Name of publisher, distributor, etc | Universidad Nacional Autónoma de México, |
| Date of publication, distribution, etc | 2003 |
| 300 ## - PHYSICAL DESCRIPTION | |
| Extent | vii, 131 p. ; |
| Dimensions | 16 cm. |
| 490 #0 - SERIES STATEMENT | |
| Series statement | Ensayos jurídicos |
| Volume number/sequential designation | 15 |
| 504 ## - BIBLIOGRAPHY, ETC. NOTE | |
| Bibliography, etc | Bibliografía : p. 125 - 131 |
| 650 #7 - SUBJECT ADDED ENTRY--TOPICAL TERM | |
| Source of heading or term | Lemb |
| Topical term or geographic name as entry element | Competencia económica |
| 650 #7 - SUBJECT ADDED ENTRY--TOPICAL TERM | |
| Topical term or geographic name as entry element | Reforma legal |
| 650 #4 - SUBJECT ADDED ENTRY--TOPICAL TERM | |
| Topical term or geographic name as entry element | Dumping (Comercio internacional) |
| 942 ## - ADDED ENTRY ELEMENTS (KOHA) | |
| Source of classification or shelving scheme | Clasificación Decimal Dewey |
| Koha item type | Libro |
| Estado de pérdida | Fuente de clasificación | Estado del daño | No para préstamo | Ubicación permanente | Ubicación actual | Apartado o colección | Fecha de adquisición | Enumeración de Serie / Cronológica | Área del conocimiento | Clasificación | Código de Barras | Date last seen | Número de copia | Tipo de recurso |
|---|---|---|---|---|---|---|---|---|---|---|---|---|---|---|
| Biblioteca del Cogreso de los Estados Unidos | Biblioteca de la Facultad de Derecho y Ciencias Sociales "Felipe J. Tena" | Biblioteca de la Facultad de Derecho y Ciencias Sociales "Felipe J. Tena" | General | 20/06/2014 | BFD000005106 | KGF4827.A9 C78 2003 | BFD000005106 | 16/01/2015 | 1 | Libro |